| 000 | 00705nam a22002052 4500 | ||
|---|---|---|---|
| 001 | 0000007353 | ||
| 005 | 20151021151113.0 | ||
| 008 | 080115s xx 000 0 eng d | ||
| 020 |
_a999767053 : _cKES |
||
| 040 |
_aKABU _cKABU |
||
| 245 | 1 | 0 |
_aNational food balance sheets 2000-2005 / _cprepared by Central Bureau of Statistics, Kenya. |
| 260 |
_aNairobi : _bCBS, _c2006. |
||
| 300 | _aviii, 53 p. | ||
| 650 | 0 |
_aFood supply _vStatistics _zKenya. _@0000160918 |
|
| 650 | 0 |
_aFood industry and trade _vStatistics _zKenya. _@0000160919 |
|
| 710 | 2 |
_aKenya. _bCentral Bureau of Statistics. _@0000149899 |
|
| 908 | _a080115 | ||
| 950 | _@1 | ||
| 999 |
_c732 _d732 |
||